[Event "Podgorica Buducnost op 3rd"]
[Site "Podgorica"]
[Date "2017.12.26"]
[Round "7"]
[White "Vuckovic, Marko"]
[Black "Djukic, Nikola"]
[Result "0-1"]
[WhiteElo "1992"]
[BlackElo "2525"]
[PlyCount "52"]
[EventDate "2017.12.22"]
[EventType "swiss"]
[EventRounds "7"]
[EventCountry "MNE"]
[SourceTitle "CBM 182 Extra"]
[Source "ChessBase"]
[SourceDate "2018.02.23"]
[SourceVersion "1"]
[SourceVersionDate "2018.02.23"]
[SourceQuality "1"]

1. e4 g6 2. d4 Bg7 3. Nf3 d6 4. Nc3 a6 5. a4 Nf6 6. Bd3 Bg4 7. h3 Bxf3 8. Qxf3 Nc6 9. Be3 Nd7 10. d5 Nb4 11. 0-0 c6 12. dxc6 bxc6 13. Qe2 0-0 14. Nd1 Ne5 15. f4 Nexd3 16. cxd3 c5 17. Rb1 Nc6 18. Qd2 f5 19. Nc3 Rb8 20. e5 dxe5 21. fxe5 Nxe5 22. Bxc5 Rc8 23. Qe3 f4 24. Qe4 Rxc5 25. d4 Rc4 26. Rfd1 Nf7 0-1

[Event "Podgorica Buducnost op 3rd"]
[Site "Podgorica"]
[Date "2017.12.24"]
[Round "4"]
[White "Vuckovic, Marko"]
[Black "Pecurica, Milos"]
[Result "0-1"]
[WhiteElo "1992"]
[BlackElo "2324"]
[PlyCount "94"]
[EventDate "2017.12.22"]
[EventType "swiss"]
[EventRounds "7"]
[EventCountry "MNE"]
[SourceTitle "CBM 182 Extra"]
[Source "ChessBase"]
[SourceDate "2018.02.23"]
[SourceVersion "1"]
[SourceVersionDate "2018.02.23"]
[SourceQuality "1"]

1. e4 d5 2. exd5 Nf6 3. Bb5+ Bd7 4. Bc4 Bg4 5. f3 Bf5 6. Nc3 Nbd7 7. Nge2 Nb6 8. Bb3 Nfxd5 9. d4 e6 10. Ng3 Bg6 11. Nce4 c6 12. 0-0 Be7 13. f4 Nf6 14. Nxf6+ Bxf6 15. c3 0-0 16. f5 exf5 17. Nxf5 Rc8 18. Qf3 c5 19. dxc5 Rxc5 20. Ng3 Qc8 21. Be3 Rc6 22. Rad1 a5 23. Bd5 Nxd5 24. Rxd5 a4 25. a3 Re8 26. Bd4 Bxd4+ 27. Rxd4 Rf6 28. Qd1 Rxf1+ 29. Nxf1 b5 30. Ne3 Qc5 31. Nd5 h6 32. Kh1 Bh5 33. Qc1 Re5 34. Nf4 Qe7 35. Nd3 Re2 36. h3 g5 37. Qf1 Bg6 38. Qf3 Bxd3 39. Qxd3 Re1+ 40. Kh2 Qe5+ 41. g3 Qe2+ 42. Qxe2 Rxe2+ 43. Kg1 Rxb2 44. c4 b4 45. c5 bxa3 46. c6 a2 47. Rxa4 Rb1+ 0-1

[Event "Podgorica Buducnost op 3rd"]
[Site "Podgorica"]
[Date "2017.12.23"]
[Round "3"]
[White "Vujacic, Igor"]
[Black "Vuckovic, Marko"]
[Result "0-1"]
[WhiteElo "2228"]
[BlackElo "1992"]
[PlyCount "80"]
[EventDate "2017.12.22"]
[EventType "swiss"]
[EventRounds "7"]
[EventCountry "MNE"]
[SourceTitle "CBM 182 Extra"]
[Source "ChessBase"]
[SourceDate "2018.02.23"]
[SourceVersion "1"]
[SourceVersionDate "2018.02.23"]
[SourceQuality "1"]

1. e4 c5 2. Nf3 e6 3. d4 cxd4 4. Nxd4 Nc6 5. Nc3 Qc7 6. Be2 a6 7. 0-0 Nf6 8. Be3 Be7 9. f4 d6 10. Kh1 0-0 11. Qe1 Nxd4 12. Bxd4 b5 13. a3 Bb7 14. Bd3 Rad8 15. Qg3 Bc6 16. Rae1 Qd7 17. Qh3 e5 18. fxe5 Qxh3 19. gxh3 dxe5 20. Bxe5 Rfe8 21. Nd1 Nd7 22. Bc7 Rc8 23. Ba5 Bd6 24. Ne3 g6 25. Nd5 f5 26. c4 Bxd5 27. exd5 Ne5 28. Be2 bxc4 29. Rc1 Rc5 30. Bc3 Nd3 31. Bxd3 cxd3 32. Rcd1 Rxd5 33. Rf3 d2 34. Rf2 Re3 35. Rfxd2 Rxd2 36. Rxd2 Bxa3 37. Rd8+ Kf7 38. Bd2 Be7 39. Rd7 Re6 40. Bg5 Ke8 0-1

[Event "Podgorica Buducnost op 3rd"]
[Site "Podgorica"]
[Date "2017.12.22"]
[Round "1"]
[White "Kalezic, Blazo"]
[Black "Vuckovic, Marko"]
[Result "1-0"]
[WhiteElo "2455"]
[BlackElo "1992"]
[PlyCount "67"]
[EventDate "2017.12.22"]
[EventType "swiss"]
[EventRounds "7"]
[EventCountry "MNE"]
[SourceTitle "CBM 182 Extra"]
[Source "ChessBase"]
[SourceDate "2018.02.23"]
[SourceVersion "1"]
[SourceVersionDate "2018.02.23"]
[SourceQuality "1"]

1. e4 c5 2. Nf3 e6 3. c3 d5 4. e5 Nc6 5. d4 Nge7 6. Na3 a6 7. Nc2 cxd4 8. cxd4 b5 9. Bd3 Qb6 10. 0-0 Bd7 11. Re1 Na5 12. b3 Nec6 13. Ng5 Be7 14. Qh5 0-0-0 15. Qxf7 Rdf8 16. Qh5 Nb4 17. Qd1 Kb8 18. Nxh7 Rc8 19. Bg5 Nxc2 20. Bxc2 Bb4 21. Bd2 Qxd4 22. Bxb4 Qxb4 23. Ng5 Rcf8 24. Nf3 Nc6 25. a4 g5 26. axb5 axb5 27. h3 g4 28. Re4 dxe4 29. Qxd7 Rc8 30. Ra6 Qc5 31. b4 Rc7 32. Qxc7+ Kxc7 33. bxc5 gxf3 34. Bxe4 1-0

[Event "MNT-ch sf"]
[Site "Niksic"]
[Date "2017.02.19"]
[Round "5"]
[White "Koljevic, Nikolina"]
[Black "Vuckovic, Marko"]
[Result "0-1"]
[WhiteElo "1523"]
[BlackElo "1911"]
[PlyCount "92"]
[EventDate "2017.02.17"]
[EventType "swiss"]
[EventRounds "7"]
[EventCountry "MNE"]
[SourceTitle "CBM 177 Extra"]
[Source "ChessBase"]
[SourceDate "2017.04.27"]
[SourceVersion "1"]
[SourceVersionDate "2017.04.27"]
[SourceQuality "1"]

1. e4 c5 2. Nf3 e6 3. Nc3 a6 4. d4 cxd4 5. Nxd4 Qc7 6. Bd3 Nc6 7. Be3 Nf6 8. 0-0 Be7 9. h3 d6 10. Qd2 b5 11. a3 Bb7 12. Rad1 0-0 13. f4 Nxd4 14. Bxd4 Bc6 15. Bf2 Qb7 16. Qe3 b4 17. axb4 Qxb4 18. Qb6 Qxb6 19. Bxb6 Rfb8 20. Bd4 Rb4 21. Be2 Nxe4 22. Bf3 f5 23. Nxe4 Bxe4 24. Bc3 Rb7 25. Bxe4 fxe4 26. Rde1 d5 27. f5 Kf7 28. fxe6+ Kxe6 29. Kh2 Bf6 30. Bxf6 gxf6 31. Rb1 h5 32. b3 f5 33. g3 d4 34. Rbd1 Ke5 35. Kg2 Rc8 36. Rf2 Rbc7 37. Ra1 Rxc2 38. Ra5+ R8c5 39. Rxa6 Rxf2+ 40. Kxf2 Rc2+ 41. Ke1 d3 42. Ra5+ Kf6 43. h4 e3 44. Ra6+ Ke5 45. Ra5+ Ke4 46. Ra4+ Kf3 0-1

[Event "EU-ch U14 26th"]
[Site "Prague"]
[Date "2016.08.27"]
[Round "9"]
[White "Vuckovic, Marko"]
[Black "Dolansky, Lukas"]
[Result "1/2-1/2"]
[WhiteElo "1834"]
[BlackElo "2067"]
[PlyCount "28"]
[EventDate "2016.08.18"]
[EventType "swiss"]
[EventRounds "9"]
[EventCountry "CZE"]
[SourceTitle "CBM 174 Extra"]
[Source "ChessBase"]
[SourceDate "2016.10.10"]
[SourceVersion "1"]
[SourceVersionDate "2016.10.10"]
[SourceQuality "1"]

1. e4 e5 2. Nf3 Nc6 3. d4 exd4 4. Nxd4 Bc5 5. Nb3 Bb6 6. Nc3 d6 7. Qe2 Nf6 8. Bg5 h6 9. Bh4 a5 10. 0-0-0 g5 11. Bg3 Qe7 12. f3 a4 13. Nd2 a3 14. b3 Be6 1/2-1/2

[Event "EU-ch U14 26th"]
[Site "Prague"]
[Date "2016.08.26"]
[Round "8"]
[White "Martinovici, Ilie"]
[Black "Vuckovic, Marko"]
[Result "1-0"]
[WhiteElo "2170"]
[BlackElo "1834"]
[PlyCount "65"]
[EventDate "2016.08.18"]
[EventType "swiss"]
[EventRounds "9"]
[EventCountry "CZE"]
[SourceTitle "CBM 174 Extra"]
[Source "ChessBase"]
[SourceDate "2016.10.10"]
[SourceVersion "1"]
[SourceVersionDate "2016.10.10"]
[SourceQuality "1"]

1. d4 d5 2. c4 e6 3. Nc3 Nf6 4. cxd5 exd5 5. Bg5 Be7 6. e3 0-0 7. Bd3 h6 8. Bh4 Be6 9. Nge2 c5 10. Rc1 Nbd7 11. 0-0 Rc8 12. Bb1 cxd4 13. Nxd4 Qb6 14. Qe2 Rfd8 15. Rfd1 Nc5 16. Nf5 Bxf5 17. Bxf5 Ne6 18. Bxf6 Bxf6 19. Nxd5 Rxc1 20. Nxf6+ gxf6 21. Rxc1 Qd6 22. Bg4 Qe5 23. h3 Qa5 24. Qf3 Qe5 25. Qxb7 Kg7 26. Qb4 Rb8 27. Qc3 Qd6 28. b3 Qa6 29. Qc4 Qd6 30. Bxe6 Qxe6 31. Qxe6 fxe6 32. Rc7+ Kg6 33. Rxa7 1-0

[Event "EU-ch U14 26th"]
[Site "Prague"]
[Date "2016.08.20"]
[Round "3"]
[White "Vuckovic, Marko"]
[Black "Pavlov, Danila"]
[Result "0-1"]
[WhiteElo "1834"]
[BlackElo "2077"]
[PlyCount "82"]
[EventDate "2016.08.18"]
[EventType "swiss"]
[EventRounds "9"]
[EventCountry "CZE"]
[SourceTitle "CBM 174 Extra"]
[Source "ChessBase"]
[SourceDate "2016.10.10"]
[SourceVersion "1"]
[SourceVersionDate "2016.10.10"]
[SourceQuality "1"]

1. e4 e6 2. c4 d5 3. cxd5 exd5 4. exd5 Nf6 5. Bb5+ Nbd7 6. Nc3 a6 7. Be2 Bd6 8. Nf3 0-0 9. 0-0 b5 10. a3 Bb7 11. d4 Nxd5 12. Nxd5 Bxd5 13. Bg5 f6 14. Be3 Nb6 15. Nd2 Qe7 16. Bd3 Qf7 17. Ne4 f5 18. Nxd6 cxd6 19. f3 Bc4 20. Re1 Bxd3 21. Qxd3 Qd5 22. Bf4 Rfe8 23. b3 Kf7 24. Rxe8 Rxe8 25. Rc1 Rc8 26. Re1 Re8 27. Rc1 h6 28. Kf2 Re7 29. g3 Nd7 30. Rd1 Nf6 31. Bc1 g5 32. Bd2 g4 33. fxg4 Nxg4+ 34. Kg1 Re4 35. Bf4 Kg6 36. h3 Nf6 37. Qd2 Qxb3 38. Kh2 Qe6 39. Kg1 Re2 40. Qd3 Nd5 41. Bxd6 Re3 0-1

[Event "Podgorica Buducnost op 2nd"]
[Site "Podgorica"]
[Date "2016.03.23"]
[Round "5"]
[White "Alivodic, Dario"]
[Black "Vuckovic, Marko"]
[Result "1-0"]
[WhiteElo "1647"]
[BlackElo "1881"]
[PlyCount "89"]
[EventDate "2016.03.19"]
[EventType "swiss"]
[EventRounds "7"]
[EventCountry "MNE"]
[SourceTitle "CBM 171 Extra"]
[Source "ChessBase"]
[SourceDate "2016.04.26"]
[SourceVersion "1"]
[SourceVersionDate "2016.04.26"]
[SourceQuality "1"]

1. d4 Nf6 2. c4 e6 3. Nf3 b6 4. g3 Ba6 5. Qc2 c5 6. d5 exd5 7. cxd5 Bb7 8. Bg5 Bxd5 9. Nc3 Bb7 10. 0-0-0 Be7 11. Bg2 0-0 12. h4 Nc6 13. Bxf6 Bxf6 14. Ng5 g6 15. Nxh7 Kxh7 16. h5 Kg7 17. hxg6 fxg6 18. Qd2 Rf7 19. Bd5 Kf8 20. Bxf7 Kxf7 21. Qxd7+ Qe7 22. Rh7+ Bg7 23. Rxg7+ Kxg7 24. Qxe7+ Nxe7 25. Rd7 Bc6 26. Rxe7+ Kf6 27. Re3 Rh8 28. a4 a6 29. f3 Rd8 30. a5 b5 31. Ne4+ Bxe4 32. Rxe4 c4 33. Kc2 Rd7 34. f4 Rd8 35. Re5 Rd7 36. Rc5 Rd6 37. g4 Re6 38. Kd2 Ke7 39. Rc7+ Kd6 40. Rb7 Kc5 41. Rb6 Rxb6 42. axb6 Kxb6 43. f5 gxf5 44. g5 Kc7 45. g6 1-0

[Event "Podgorica Buducnost op 2nd"]
[Site "Podgorica"]
[Date "2016.03.22"]
[Round "4"]
[White "Vuckovic, Marko"]
[Black "Rakic, Tijana"]
[Result "1-0"]
[WhiteElo "1881"]
[BlackElo "1543"]
[PlyCount "78"]
[EventDate "2016.03.19"]
[EventType "swiss"]
[EventRounds "7"]
[EventCountry "MNE"]
[SourceTitle "CBM 171 Extra"]
[Source "ChessBase"]
[SourceDate "2016.04.26"]
[SourceVersion "1"]
[SourceVersionDate "2016.04.26"]
[SourceQuality "1"]

1. c4 f5 2. Nc3 e5 3. g3 Nc6 4. Bg2 Nf6 5. d3 d6 6. Nf3 Be7 7. a3 d5 8. cxd5 Nxd5 9. Nxe5 Nxc3 10. Bxc6+ bxc6 11. bxc3 Qd5 12. Nf3 0-0 13. 0-0 Bf6 14. c4 Qf7 15. Rb1 Be6 16. Qa4 Qd7 17. Be3 a6 18. Rb7 f4 19. Bxf4 Bh3 20. Rfb1 Qg4 21. c5 Rad8 22. R7b4 Qe6 23. Re4 Qf5 24. Qc4+ Kh8 25. Bxc7 Rd7 26. Bd6 Rfd8 27. Ne5 Bxe5 28. Rxe5 Qf6 29. Qe4 Qf7 30. Re7 Rxe7 31. Qxe7 Qxe7 32. Bxe7 Re8 33. Rb7 Kg8 34. e3 Kf7 35. Bd6+ Kf6 36. Rb6 Bf5 37. e4 Bd7 38. Rxa6 Re6 39. f4 Kg6 1-0

[Event "Podgorica Buducnost op 2nd"]
[Site "Podgorica"]
[Date "2016.03.20"]
[Round "2"]
[White "Durutovic, Dragutin"]
[Black "Vuckovic, Marko"]
[Result "1-0"]
[WhiteElo "2060"]
[BlackElo "1881"]
[PlyCount "75"]
[EventDate "2016.03.19"]
[EventType "swiss"]
[EventRounds "7"]
[EventCountry "MNE"]
[SourceTitle "CBM 171 Extra"]
[Source "ChessBase"]
[SourceDate "2016.04.26"]
[SourceVersion "1"]
[SourceVersionDate "2016.04.26"]
[SourceQuality "1"]

1. e4 d5 2. Nc3 d4 3. Nce2 e5 4. Ng3 Nf6 5. Bc4 Bd6 6. d3 c5 7. Nf3 0-0 8. 0-0 Nc6 9. a3 Bd7 10. Nh4 Ne8 11. Nhf5 Kh8 12. Qf3 Be6 13. b3 Bxc4 14. bxc4 g6 15. Nh6 Qd7 16. h4 Ng7 17. Qf6 Be7 18. Qf3 Bxh4 19. Ne2 f5 20. Qh3 Be7 21. f4 Rad8 22. fxe5 Nxe5 23. Nf4 Qd6 24. Bd2 g5 25. Nd5 g4 26. Qh2 fxe4 27. Bf4 Rxf4 28. Rxf4 Bg5 29. Nf7+ Nxf7 30. Rxf7 Qg6 31. Raf1 h5 32. Qc7 exd3 33. cxd3 Re8 34. Nf6 Be3+ 35. Kh1 Qg5 36. Nxe8 g3 37. Rf8+ Kh7 38. Qxg7+ 1-0

[Event "Podgorica Zeta CC-ch"]
[Site "Podgorica"]
[Date "2016.01.18"]
[Round "4"]
[White "Vukotic, Luka"]
[Black "Vuckovic, Marko"]
[Result "0-1"]
[WhiteElo "1645"]
[BlackElo "1876"]
[PlyCount "118"]
[EventDate "2016.01.15"]
[EventType "tourn"]
[EventRounds "9"]
[EventCountry "MNE"]
[SourceTitle "CBM 170 Extra"]
[Source "ChessBase"]
[SourceDate "2016.02.25"]
[SourceVersion "1"]
[SourceVersionDate "2016.02.25"]
[SourceQuality "1"]

1. e4 d5 2. exd5 Nf6 3. d4 Bg4 4. Nf3 Qxd5 5. Be2 e6 6. 0-0 Be7 7. a3 0-0 8. c4 Qd8 9. Be3 Nbd7 10. Qc2 c5 11. Rd1 cxd4 12. Bxd4 Qc7 13. b4 e5 14. Bb2 e4 15. Ng5 Bf5 16. c5 Qf4 17. Qd2 Qh4 18. f4 Rad8 19. Qe3 Nd5 20. Qg3 Qxg3 21. hxg3 Ne3 22. Rd2 Bxg5 23. fxg5 Bg4 24. Nc3 Ne5 25. Rxd8 Rxd8 26. Nxe4 Bxe2 27. Bxe5 Re8 28. Re1 Rxe5 29. Rxe2 Rxe4 30. b5 Kf8 31. c6 bxc6 32. bxc6 Ke7 33. Rd2 Ng4 34. Rd7+ Ke6 35. Kf1 Rc4 36. Rxa7 Rxc6 37. a4 Ne3+ 38. Kf2 Nd5 39. a5 Nb4 40. Ra8 Ra6 41. Rh8 Rxa5 42. Rxh7 Rxg5 43. Rh4 Nd3+ 44. Kf3 Ne5+ 45. Kf2 g6 46. Ra4 Rg4 47. Ra3 Rb4 48. Rc3 Rb2+ 49. Kg1 Kd5 50. Kh2 g5 51. Kg1 Ke4 52. Kf1 Nd3 53. Rc7 f5 54. Re7+ Ne5 55. Re8 Rb5 56. Ke2 f4 57. gxf4 Kxf4 58. Rh8 Kg3 59. Rg8 Ng4 0-1